Daniel C. Dennett: Micsoda elmék-A tudatosság megértése felé recenzió
Elmentve itt :
| Szerző: | |
|---|---|
| Adatforrás: | Philobibl |
| Forrásdokumentuma: | Élet és Irodalom 41.1997:20. 13. p. |
| Dokumentumtípus: | Cikk |
| Nyelv: | magyar |
| Kulcsszavak: | tudat megismerés |
| Megjelent: |
1997
|
| LEADER | 00396nab a2200133 c 4500 | ||
|---|---|---|---|
| 001 | bibPHI0031144 | ||
| 005 | 20200924122815.2 | ||
| 008 | 071012s1997 xx hun | ||
| 100 | 1 | |a Érdi Péter | |
| 245 | 1 | 0 | |a Daniel C. Dennett: Micsoda elmék-A tudatosság megértése felé |b recenzió |c Érdi Péter |
| 260 | |c 1997 | ||
| 695 | |a tudat | ||
| 695 | |a megismerés | ||
| 773 | 0 | |t Élet és Irodalom |g 41.1997:20. 13. p. | |